000 00596nam a2200229Ia 4500
003 OSt
005 20220918212158.0
006 a|||||r|||| 00| 0
007 ta
008 220917b |||||||| |||| 00| 0 eng d
024 _a127,645
037 _cTextual
040 _aARTS
_cARTS
_beng
041 _2eng
_aeng
082 _aX.5.Mz7, K8
100 _aGerschenkron Alexander
245 0 _aContinuity in history and other essays
260 _aNA
_bNA
_c1968
650 _aECONOMICS
942 _hX.5.Mz7, K8
_cTEXL
_2CC
999 _c250787
_d250787